000
00302nam a2200097Ia 4500
001
1207084
005
20251016145850.0
008
250824s9999 xx 000 0 und d
245
0
_a
PROTESTAN MİSYONERLERİN KONYADA AÇTIKLARI KURUMLAR VE FAALİYETLERİ
_c
GALİP ALÇITEPE
260
_b
ÇİZGİ YAYINLARI
999
_c
1207084
_d
1207084